00893 2200301 4500001002100000005001500021035002000036007000300056008004100059020002200100082001700122084001900139100002500158245007500183250003300258300003000291650003200321700002200353264004200375336002100417337003000438338002300468040002200491090002200513850001200535999002200547990002200569INLIS00000000087802920230417102152 a0010-0423000329ta230417s2023 yoi g ind d a978-623-6532-44-704223a899.2211 a899.2211 MUT k0 aMutamimahePengarang10aKumpulan puisi :bhitungan jari mungil /cMutamimah; penyunting, Selsa aCetakan Pertama,Januari 2022 aviii, 42 halaman ;c21 cm 4aPuisi Indonesia--xKumpulan0 aSelsaePenyunting31aYogyakarta :bSmartmedia Utama,c2023 2rdacontentateks 2rdamediaatanpa perantara 2rdacarrieravolume aYOPDYOGbinderda aCB-D.11 2023-0279 aYOPDYOG aCB-D.11/2023-0279 aCB-D.11/2023-0279